00841nam a2200253Ia 450000500170000000800270001702000180004410000480006224500780011025000350018830000260022349000120024965000320026165000320029365000360032565000350036170000320039626400250042833600270045333700330048033800280051304000350054108400110057620220317000306.0141031s9999 ck 000 0 spa d a97899788096931 aTurguénev, Iván Sergueevich,d1818-188310aPrimer amor cIván S. Turgueniev ; notas por Rafael Montalván Barrera a2a ediciónb4a reimpresión a146 páginasc17 cm. aAntares142LEMBaNovela rusaySiglo XX142LEMBaAmor en la literatura142LEMBaLiteratura rusaySiglo XX142LEMBaParejas en la literatura1 aMontalván Barrera, Rafael aQuitobLibresac2013 atextobtxt2rdacontent asin mediaciónbn2rdamedia avolumenbnc2rdacarrier aCO-BoRNBPbspaerdacCO-BoRNBP aN TUR1